000 02081nam a2200613 i 4500
001 55817
003 KOSZ 005
005 20211216115526.0
008 060508s2006 pl a f |001 0 pol
015 _aUWD 2006/10799
020 _a8324602380
035 _a991030114989705066
035 _a(PL-WaBN)b18123053-48omnis_nlop
035 _ab18123053
035 _a(OCoLC)749456067
035 _a(UJ)vtls000469777
035 _azz2006765623
035 _a(PL)b0000001812305
035 _a(EXLNZ-48OMNIS_NETWORK)9910422296005606
040 _aWA N
_cWA N
_dKR U
_dKOSZ 005/HR
041 1 _apol
_heng
046 _k2006
080 _a004.032
080 _a004.2
080 _a004.4
080 _a(07)
100 1 _aTanenbaum, Andrew S.
_d(1944- )
_eAutor
245 1 0 _aStrukturalna organizacja systemów komputerowych /
_cAndrew S. Tanenbaum ; [tł. Paweł Koronkiewicz, Andrzej Grażyński].
246 1 _iTyt. oryg..
_aStructured computer organization,
_f2006
250 _aWyd. 5.
260 _aGliwice :
_bWydawnictwo Helion,
_ccop. 2006.
300 _a862, [1] s. :
_bil. ;
_c25 cm +
_edysk optyczny (CD-ROM).
336 _aTekst
_btxt
_2rdacontent
337 _aBez urządzenia pośredniczącego
_bn
_2rdamedia
338 _aWolumin
_bnc
_2rdacarrier
380 _aKsiążki
380 _aPublikacje fachowe
388 _a2001-
490 1 _aKanon Informatyki
500 _aWyd. 5 na okł. i grzbiecie dotyczy oryg.
504 _aIndeks.
650 7 _aKomputery
_2DBN
650 7 _aProgramowanie (informatyka)
_2DBN
650 7 _aSystemy informatyczne
_2DBN
655 7 _aPodręcznik
_2DBN
658 _aInformatyka i technologie informacyjne
700 1 _aGrażyński, Andrzej
_eTłumaczenie
700 1 _aKoronkiewicz, Paweł
_d(1973- )
_eTłumaczenie
710 2 _aHelion
_4pbl
830 0 _aKanon Informatyki
856 _uhttp://koha.tu.koszalin.pl/cgi-bin/koha/opac-detail.pl?biblionumber=55817
_yKatalog online BPK
942 _2UKD
_cKS
999 _c55817
_d55817